<?xml version="1.0" encoding="UTF-8"?>
<record
    xmlns:xsi="http://www.w3.org/2001/XMLSchema-instance"
    xsi:schemaLocation="http://www.loc.gov/MARC21/slim http://www.loc.gov/standards/marcxml/schema/MARC21slim.xsd"
    xmlns="http://www.loc.gov/MARC21/slim">

  <leader>03072cam a2200301 i 4500</leader>
  <controlfield tag="001">991061300433806706</controlfield>
  <controlfield tag="005">20251112164440.0</controlfield>
  <controlfield tag="008">250310e202503  spc           000|f cat|c</controlfield>
  <datafield tag="015" ind1=" " ind2=" ">
    <subfield code="a">LL2025</subfield>
    <subfield code="2">bnc</subfield>
  </datafield>
  <datafield tag="017" ind1=" " ind2=" ">
    <subfield code="a">DL B 2256-2025</subfield>
    <subfield code="b">Biblioteca de Catalunya</subfield>
  </datafield>
  <datafield tag="020" ind1=" " ind2=" ">
    <subfield code="a">9788466433402</subfield>
  </datafield>
  <datafield tag="040" ind1=" " ind2=" ">
    <subfield code="a">ES-BaUPC</subfield>
    <subfield code="b">English</subfield>
    <subfield code="e">rda</subfield>
    <subfield code="c">ES-BaUPC</subfield>
    <subfield code="d">ES-ViU</subfield>
    <subfield code="d">ES-BaBC</subfield>
  </datafield>
  <datafield tag="041" ind1=" " ind2=" ">
    <subfield code="a">cat</subfield>
  </datafield>
  <datafield tag="100" ind1=" " ind2=" ">
    <subfield code="a">Bosch, Xavier</subfield>
    <subfield code="d">1967-</subfield>
    <subfield code="e">author</subfield>
    <subfield code="9">26500</subfield>
  </datafield>
  <datafield tag="245" ind1="1" ind2="0">
    <subfield code="a">Diagonal Manhattan </subfield>
    <subfield code="c">/ Xavier Bosch.</subfield>
  </datafield>
  <datafield tag="250" ind1=" " ind2=" ">
    <subfield code="a">First edition</subfield>
  </datafield>
  <datafield tag="260" ind1=" " ind2=" ">
    <subfield code="a">Barcelona :</subfield>
    <subfield code="b">Columna Edicions,</subfield>
    <subfield code="c">2025</subfield>
  </datafield>
  <datafield tag="300" ind1=" " ind2=" ">
    <subfield code="a">579 pages;</subfield>
    <subfield code="c">24 cm.</subfield>
  </datafield>
  <datafield tag="490" ind1=" " ind2=" ">
    <subfield code="a">Cl&#xE0;ssica ;</subfield>
    <subfield code="v">1497</subfield>
  </datafield>
  <datafield tag="520" ind1=" " ind2=" ">
    <subfield code="a">L&#x2019;Edda Leveroni rep un regal singular el dia que en fa vint-i-un: una estada d&#x2019;un any a l&#x2019;ag&#xE8;ncia de publicitat de la Bianca B. Miller a Nova York. El 1989 l&#x2019;Edda s&#x2019;haur&#xE0; d&#x2019;obrir cam&#xED; a Manhattan, en una ag&#xE8;ncia on nom&#xE9;s treballen dones i en un univers de creativitat i d&#x2019;anuncis que volen vendre la vida millorada. No pot sospitar, per&#xF2;, en quin m&#xF3;n est&#xE0; a punt d&#x2019;endinsar-se. A Barcelona, el Brauli Leveroni ha sabut convertir una petita ag&#xE8;ncia a Diagonal-Tuset en una de les m&#xE9;s exitoses d&#x2019;una ciutat efervescent. El pare de l&#x2019;Edda &#xE9;s admirat i envejat per les seves campanyes publicit&#xE0;ries. El Brauli viu a tot gas, adora aquests dies plens d&#x2019;est&#xED;muls, d&#x2019;esl&#xF2;gans i d&#x2019;intrigues. Abocat al negoci, encara no ha tingut temps de preguntar-se per la felicitat. En aquesta novel&#xB7;la plet&#xF2;rica, Xavier Bosch mostra de nou la seva habilitat narrativa. Ens sedueix amb uns personatges dels quals sempre volem saber m&#xE9;s, ens dissecciona la cara oculta del m&#xE0;rqueting m&#xE9;s descarnat i ens mant&#xE9; atrapats en una hist&#xF2;ria que ens porta m&#xE9;s lluny del que imagin&#xE0;vem.</subfield>
  </datafield>
  <datafield tag="520" ind1=" " ind2=" ">
    <subfield code="a">On her twenty-first birthday, Edda Leveroni receives an unusual gift: a year&#x2019;s placement at Bianca B. Miller&#x2019;s advertising agency in New York. In 1989, Edda must find her way in Manhattan, in an agency staffed entirely by women, within a world of creativity and adverts promising an improved life. She cannot yet suspect the world she is about to enter.

In Barcelona, Brauli Leveroni has succeeded in turning a small agency on Diagonal-Tuset into one of the most successful in a vibrant city. Edda&#x2019;s father is admired and envied for his advertising campaigns. Brauli lives life at full speed; he revels in these days brimming with stimuli, slogans and intrigue. Consumed by business, he has not yet stopped to ask himself what happiness might be.

In this exuberant novel, Xavier Bosch once again demonstrates his narrative skill. He captivates us with characters we always wish to know more about, lays bare the hidden side of the most ruthless marketing, and holds us fast in a story that carries us further than we could have imagined.</subfield>
  </datafield>
  <datafield tag="650" ind1=" " ind2="0">
    <subfield code="a">Advertising agencies</subfield>
    <subfield code="v">Fiction</subfield>
  </datafield>
  <datafield tag="650" ind1=" " ind2="0">
    <subfield code="a">Fathers and daughters</subfield>
    <subfield code="v">Fiction</subfield>
    <subfield code="9">22885</subfield>
  </datafield>
  <datafield tag="650" ind1=" " ind2="0">
    <subfield code="a">Women in advertising</subfield>
    <subfield code="v">Fiction</subfield>
  </datafield>
  <datafield tag="651" ind1=" " ind2="0">
    <subfield code="a">Barcelona (Spain)</subfield>
    <subfield code="v">Fiction</subfield>
  </datafield>
  <datafield tag="651" ind1=" " ind2="0">
    <subfield code="a">Manhattan (New York, N.Y.)</subfield>
    <subfield code="v">Fiction</subfield>
  </datafield>
  <datafield tag="942" ind1=" " ind2=" ">
    <subfield code="2">lcc</subfield>
  </datafield>
  <datafield tag="952" ind1=" " ind2=" ">
    <subfield code="0">0</subfield>
    <subfield code="1">0</subfield>
    <subfield code="2">lcc</subfield>
    <subfield code="4">0</subfield>
    <subfield code="7">0</subfield>
    <subfield code="a">TBS</subfield>
    <subfield code="b">TBS</subfield>
    <subfield code="d">2025-08-26</subfield>
    <subfield code="l">0</subfield>
    <subfield code="o">P-CAT BOS</subfield>
    <subfield code="p">B05646</subfield>
    <subfield code="r">2025-08-26</subfield>
    <subfield code="t">1</subfield>
    <subfield code="w">2025-08-26</subfield>
    <subfield code="y">1</subfield>
  </datafield>
  <datafield tag="999" ind1=" " ind2=" ">
    <subfield code="c">4865</subfield>
    <subfield code="d">4865</subfield>
  </datafield>
</record>
